| 000 | 00696cam a2200217u 4500 | ||
|---|---|---|---|
| 001 | 6041388 | ||
| 003 | ARRUPE | ||
| 005 | 20150114175514.0 | ||
| 008 | 821207s1951 xx a 000 0 eng | ||
| 010 | _a 53022978 | ||
| 040 |
_aDLC _cCarP _dDLC |
||
| 050 | 0 | 0 |
_aSPC DT862 _bN993 |
| 110 | 2 |
_aNyasaland. _bPublic Relations Department _913990 |
|
| 245 | 1 | 0 |
_aNyasaland calling; _ba visitor's guide to Nyasaland Protectorate, British Central Africa, Diamond jubilee, 15th May, 1951. |
| 250 | _a[Jubilee ed.] | ||
| 260 |
_aZomba _c[1951] |
||
| 300 |
_a103 p. _billus. _c21 cm. |
||
| 651 | 0 |
_aMalawi _vGuidebooks. _913991 |
|
| 906 |
_a0 _bcbc _cpremunv _du _encip _f19 _gy-gencatlg |
||
| 942 |
_2lcc _cSPC |
||
| 999 |
_c121681 _d121681 |
||